Nombres de mujer más populares - Estadísticas

Estadísticas generales
  • Esta prueba ha sido intentada 89 veces
  • La puntuación promedio es 9 de 20
Estadísticas de respuestas
Letra Nombre % Correcto
M María
97%
L Lucía
90%
S Sara
78%
S Sofía
66%
J Julia
61%
P Paula
61%
V Valeria
57%
C Carla
54%
C Carmen
51%
M Martina
44%
D Daniela
38%
O Olivia
38%
L Lara
30%
J Jimena
29%
L Lola
27%
E Emma
20%
A Alma
15%
G Gala
14%
V Vega
14%
M Mía
11%
No se encontraron pruebas coincidentes
Distribución de puntuación
Porcentaje de gente con cada puntuación
Porcentaje por número respondido
Historial de tus puntuaciones
No has intentado esta prueba.